000 00447nam a2200181Ia 4500
003 GCL
008 140319s9999 xx 000 0 eng d
040 _aGCL /
_cGCL
082 0 4 _a843
_bN V
100 1 _aNARCEJAC, BOILEAU
245 1 0 _aLES VISAGES DE TOMBRE /
_cNARCEJAC, BOILEAU
260 _a[S.N] :
_bDENOEL ،
_c1990
300 _a213 P
490 _aDENOEL
_v0
650 0 4 _aLITERATURE
650 0 4 _aFRENCH LITERATURE
942 _2ddc
_cBK
999 _c22585
_d22585